| 000 | 00899nas a2200301 4500 | ||
|---|---|---|---|
| 001 | BR2012009661 | ||
| 003 | BR-BrBNA | ||
| 005 | 20231205121656.0 | ||
| 007 | ta | ||
| 008 | 230509b bl.|||p| |||| 00| 00por d | ||
| 040 |
_aBR-BrBNA _bpor _cBiblioteca Nacional de Agricultura |
||
| 041 | _a(En) | ||
| 072 | _aL73 | ||
| 100 | 1 | _aCerqueira, V.D. | |
| 100 | 1 | _aRiet-Correa, G. | |
| 100 | 1 | _aDuarte, M.D. | |
| 100 | 1 | _aOliveira, C.A. de | |
| 100 | 1 | _aRiet-Correa, F. | |
| 245 | 1 | _aBloat and colic in horses experimentally induced by the ingestion of Panicum maximum cv. 'Mombaça' | |
| 650 | _aEQUINO | ||
| 650 | _aCAPIM COLONIÃO | ||
| 650 | _aPANICUM MAXIMUM | ||
| 650 | _aCÓLICA | ||
| 650 | _aTIMPANISMO | ||
| 773 | 0 |
_tCiência Rural (Brazil) _xISSN 0103-8478 _g(Nov 2012), v. 42(11) p. 2030-2033 _wBR2012009661 |
|
| 909 |
_a202311 _bLúcia _c55 _dLúcia Elande |
||
| 942 |
_2AGRIS _n0 _cANA |
||
| 999 |
_c224674 _d224674 |
||